Statistics for Countries Closest to Thailand - One Minute Sprint

Click here to take the quiz!

General Stats

  • This quiz has been taken 55 times
  • The average score is 16 of 20

Answer Stats

kmcountrymiles% Correct
0Cambodia0
100%
115China71
98%
0Malaysia0
96%
104Vietnam65
96%
0Laos0
94%
301Indonesia187
92%
0Myanmar0
92%
486India302
90%
524Singapore325
85%
1258Nepal782
83%
1440Philippines895
81%
1341Brunei833
77%
579Bangladesh360
75%
993Bhutan617
75%
2766South Korea1719
75%
2053Japan1276
73%
1734Taiwan1077
73%
1810Sri Lanka1125
69%
2648Pakistan1645
60%
2396Mongolia1489
50%

Score Distribution

Percentile by Number Answered

Percent of People with Each Score

Your Score History

You have not taken this quiz